Personnel Management Theory and Practice

Gespeichert in:
Bibliographische Detailangaben
1. Verfasser: Cole, G. A.
Format: Buch
Sprache:Englisch
Veröffentlicht: London Dp Publications Limited 1988
Ausgabe:3. ed.
Schriftenreihe:<The> Complete Course Text
Schlagworte:
Tags: Tag hinzufügen
Keine Tags, Fügen Sie das erste Tag hinzu!

MARC

LEADER 00000nam a2200000 4500
001 c006056
005 20221206134447.5
020 |a 1-85805-070-7 
041 0 |a eng 
044 |a GB 
245 1 0 |a Personnel Management  |b Theory and Practice  |c G.A. Cole 
250 |a 3. ed. 
264 1 |a London  |b Dp Publications Limited  |c 1988 
300 |a 558 s. 
490 1 |a <The> Complete Course Text 
830 0 |a <The> Complete Course Text 
610 2 0 |a manažment personálny 
610 2 0 |a teória a prax 
610 2 0 |a zamestnanosť 
610 2 0 |a vzťahy pracovné 
610 2 0 |a zamestnanci 
100 1 |a Cole, G. A.